| 000 | 00510nam a22001577a 4500 | ||
|---|---|---|---|
| 008 | 140606b xxu||||| |||| 00| 0 eng d | ||
| 020 | _a9781900990325 | ||
| 050 | _aLC268.B636 | ||
| 100 |
_aBlake, Simon and Katrak, Zarine _910693 |
||
| 245 |
_aFaith, Values and Sex and Relationships Education _cSimon Blake and Zarine Katrak |
||
| 260 |
_aLondon _bSex Education Forum _c2002 |
||
| 300 |
_a96p. ; _c25cm. |
||
| 650 |
_aChristian education _910694 |
||
| 650 |
_aSex education _910695 |
||
| 942 |
_2lcc _cMONOGRAPH |
||
| 999 |
_c120652 _d120652 |
||